| 000 | 00678nam a2200193 i 4500 | ||
|---|---|---|---|
| 001 | bgj | ||
| 100 | 1 | _aCURRY, Dean | |
| 245 | 1 | 0 |
_aIllustrated American idioms : _badvanced level : functional activities for development of vocabulary : for advanced students of English as a foreign language / _cDean Curry. |
| 260 |
_aWashington, D.C. : _bUnited States Information Agency, _c1989. |
||
| 300 |
_a99 pp : _bill. ; _c27 cm. |
||
| 650 | 9 | _aEnglish language | |
| 650 | 9 |
_aEnglish language _xVocabulary _xIdioms _zUnited States |
|
| 655 | _aTextbooks for foreigners | ||
| 020 | _apbk | ||
| 040 | _cBPK | ||
| 041 | _aeng | ||
| 942 | _cKS | ||
| 008 | s uk f |000 0 eng | ||
| 999 |
_c41305 _d41305 |
||
| 856 |
_uhttp://koha.tu.koszalin.pl/cgi-bin/koha/opac-detail.pl?biblionumber=41305 _yKatalog online BPK |
||